Statistiche per Titoli di film che contengono città #4

Clicka qui per fare il quiz!

Statistiche generali

  • Questo quiz è stato fatto 18 volte
  • Il punteggio medio è 4 su 10

Statistiche sulle risposte

Titoli dei film (incompleti)AnnoCittà% Corretto
Un americano a ________1954Roma
80%
Vacanze di Natale a ________2011Cortina
67%
Totò e Peppino divisi a ________1962Berlino
60%
________ decadence1992Tokyo
40%
Faccio un salto all'________2011Avana
33%
Il barbiere di ________1996Rio
27%
________ Story1994Lisbon
20%
________ - La linea del fuoco2002El Alamein
13%
I falchi di ________1942Rangoon
13%
L'ultimo treno da ________1963Vienna
13%

Distribuzione punteggi

Percentile per numero di risposta

Percentuale di utenti per punteggio

I tuoi punteggi nel tempo

Non hai fatto questo quiz